Normal view
MARC view
Entry Topical Term
001 - CONTROL NUMBER
- control field: 65557
003 - CONTROL NUMBER IDENTIFIER
- control field: dpl
005 - DATE AND TIME OF LATEST TRANSACTION
- control field: 20240503112147.0
008 - FIXED-LENGTH DATA ELEMENTS
- fixed length control field: 240503|| aca||aabn | a|a d
040 ## - CATALOGING SOURCE
- Original cataloging agency: dpl
- Transcribing agency: dpl
150 ## - HEADING--TOPICAL TERM
- Topical term or geographic name as entry element: हिन्दी
670 ## - SOURCE DATA FOUND
- Source citation: Work cat.: (dpl)202484: संचिता सिंह 65556, भारतीय सेना और आत्मनिर्भरता /, 2022
